| 000 | 00754nam a22002537a 4500 | ||
|---|---|---|---|
| 001 | 67569 | ||
| 003 | BD-RjUL | ||
| 005 | 20211209081654.0 | ||
| 008 | 170327s1982 ii ||||| |||| 001 0 eng d | ||
| 020 | _a8121908698 | ||
| 035 | _a(BD-RjUL)67700 | ||
| 040 |
_aBD-RjUL _beng _cBD-RjUL |
||
| 041 | _aeng | ||
| 082 |
_223 _a532 _bRAF 1982 |
||
| 100 | 1 |
_aRaisinghania, M. D. _9200210 |
|
| 245 | 1 | 0 |
_aFluid dynamics : _bwith complete hydrodynamics and boundary layer theory / _cM. D. Raisinghania |
| 260 |
_aNew Delhi : _bS. Chand & Company, _cc1982. |
||
| 300 |
_axvi, 1127 p. ; _c21 cm. |
||
| 500 | _aIncludes index. | ||
| 650 |
_aFluid mechanics. _9200211 |
||
| 650 |
_aHydrodynamics. _9200212 |
||
| 650 |
_aBoundary layer. _9200213 |
||
| 942 |
_2ddc _cBK |
||
| 999 |
_c67569 _d67569 |
||